00997aab a2200181 i 4500001001000000003001000010005001700020008004100037040001900078041000800097245006500105300007700170520039100247650003600638773011600674942000800790999001700798768714001CO-MdFUSB20240422114250.0240408t1991 ag ||||| |||| 00| 0 spa d bspacCO-MdFUSB aspa 3aLa necesidad de una teología evangélica de la política aVolumen 10, número 3 (julio - septiembre, 1991), página: 42c; 27 cm aLo siguiente es un extracto de la Cuarta Consulta de la Comunidad Internacional de Teólogos Evangélicos de la Misión: Libertad y justicia en las relaciones Iglesia-Estado" (Osijek, Yugoslavia, abril de 1991). En el cual se reconoce la necesidad de que los cristianos que están en la política sean regulados por una teología y ética política bíblicamente fundamentada.  0aCristianismo y política912500 tIglesia y Misión049402959664gVolumen 10, número 3 (julio - septiembre, 1991), página: 42qpágina: 42 cANA c51933d51933